Arte y posmodernidad : Ecos metafóricos de lo irracional /
Αποθηκεύτηκε σε:
| Κύριος συγγραφέας: | |
|---|---|
| Μορφή: | Άγνωστο |
| Γλώσσα: | Spanish |
| Θέματα: | |
| Ετικέτες: |
Προσθήκη ετικέτας
Δεν υπάρχουν, Καταχωρήστε ετικέτα πρώτοι!
|
MARC
| LEADER | 000000000a22000000004500 | ||
|---|---|---|---|
| 001 | 006736 | ||
| 041 | 0 | |a spa | |
| 100 | 1 | |a González Kreysa, Ana Mercedes | |
| 245 | 1 | 0 | |a Arte y posmodernidad : |b Ecos metafóricos de lo irracional / |c Ana Mercedes González Kreysa. |
| 650 | 4 | |a ARTE | |
| 650 | 4 | |a POSTMODERNIDAD | |
| 650 | 4 | |a CULTURA POPULAR | |
| 650 | 4 | |a POP ART | |
| 773 | 0 | |x 9977675317 |d San José, Costa Rica : Editorial de la Universidad de Costa Rica |t Cien años de literatura hispanoamericana: 1898-1998 |g (1998), páginas 115-124 | |
| 942 | |c AM | ||
| 999 | |c 15544 |d 15544 | ||
